Gender, time use, and poverty in Sub-Saharan Africa (Record no. 44369)

MARC details
000 -LEADER
fixed length control field 00770nam a2200205 a 4500
008 - FIXED-LENGTH DATA ELEMENTS--GENERAL INFORMATION
fixed length control field 060503s2006 ||||||||||||||||| || u
020 ## - INTERNATIONAL STANDARD BOOK NUMBER
International Standard Book Number 0821365614
050 ## - LIBRARY OF CONGRESS CALL NUMBER
Classification number IBRD(08)WP
100 ## - MAIN ENTRY--PERSONAL NAME
Personal name Wodon, Quentin
245 10 - TITLE STATEMENT
Title Gender, time use, and poverty in Sub-Saharan Africa
Statement of responsibility, etc. edited by C. Mark Blackden and Quentin Wodon
260 ## - PUBLICATION, DISTRIBUTION, ETC.
Place of publication, distribution, etc. Washington, D. C.
Name of publisher, distributor, etc. World Bank
Date of publication, distribution, etc. 2006
300 ## - PHYSICAL DESCRIPTION
Extent xii; 152p. ; ill.
350 ## - PRICE (NR) (BK AM CF MU VM SE) [OBSOLETE]
Price 0.00
490 ## - SERIES STATEMENT
Series statement World Bank Working Papers
650 ## - SUBJECT ADDED ENTRY--TOPICAL TERM
Topical term or geographic name entry element POVERTY--SUB-SAHARAN AFRICA
650 ## - SUBJECT ADDED ENTRY--TOPICAL TERM
Topical term or geographic name entry element GENDER
650 ## - SUBJECT ADDED ENTRY--TOPICAL TERM
Topical term or geographic name entry element GENDER--SUB-SAHARAN AFRICA
700 ## - ADDED ENTRY--PERSONAL NAME
Personal name Blackden, C. Mark
995 ## - RECOMMENDATION 995 [LOCAL, UNIMARC FRANCE]
-- 0.00
-- CBU-MAIN LIBRARY (Kitwe)
-- 1
-- 0.00
-- 1
-- AVAILABLE
-- May 3, 2006
-- International Publications
Holdings
Withdrawn status Lost status Source of classification or shelving scheme Damaged status Not for loan Home library Current library Shelving location Date acquired Total Checkouts Full call number Barcode Date last seen Price effective from Koha item type
          CBU-MAIN LIBRARY, KITWE. CBU-MAIN LIBRARY, KITWE.   11/30/2022   IBRD(08)WP 43926 11/30/2022 11/30/2022 MONOGRAPH